• 首页
  • 本馆介绍
  • 公告通知
  • 最新文献
  • 馆藏检索
  • 电子资源
  • 读者导购
  • 参考咨询
  • 我的图书馆
  • 登录
  • 详细信息显示
  • 放入我的书架
  • 预约/预借图书
  • 作者相关作品
  • 分类相关作品
  • 丛书相关作品
  • 出版社相关作品

书目信息

  • 表格格式
  • 工作单格式
  • 卡片格式
题名:
文人园林建筑
    
 
作者: ;中国建筑工业出版社 编
分册:  
出版信息: 北京   中国建筑工业出版社  2010
页数: 207页
开本: 21cm
丛书名:
单 册:
中图分类: TU-098.4
科图分类:
主题词: 古典园林--园林建筑--建筑艺术--中国 , 古典园林 , 园林建筑 , 建筑艺术
电子资源:
ISBN: 978-7-112-11327-9
000 01022nam0 2200289 45
001 1355778671
005 20130515173335.37
010    @a978-7-112-11327-9@dCNY128.00
100    @a20130108d2010 em y0chiy0110 ea
101 0  @achi
102    @aCN@b110000
105    @aab z 000yy
106    @ar
200 1  @a文人园林建筑@AWen Ren Yuan Lin Jian Zhu@e意境山水庭园院@EYi Jing Shan Shui Ting Yuan Yuan@f本社编@FBen She Bian
210    @a北京@c中国建筑工业出版社@d2010
215    @a207页@c图,地图@d21cm
300    @a中国古建筑之美
330    @a本书以苏州为中心,沿南京、无锡、上海、扬州等城市及浙、粤各省,介绍中国著名的文人园林,涉及布局、建筑结构等。
517 1  @a意境山水庭园院@AYi Jing Shan Shui Ting Yuan Yuan
606 0  @a古典园林@x园林建筑@x建筑艺术@y中国
606 0  @a古典园林
606 0  @a园林建筑
606 0  @a建筑艺术
690    @aTU-098.4@v5
711 02 @a中国建筑工业出版社@AZhong Guo Jian Zhu Gong Ye Chu Ban She@4编
801    @aCN@bTANGWEI@c20130112
905    @b0832748-51@dTU-098.4@e104@f4
    
    文人园林建筑:意境山水庭园院/本社编.-北京:中国建筑工业出版社,2010
    207页:图,地图;21cm
    中国古建筑之美
    
    ISBN 978-7-112-11327-9:CNY128.00
    本书以苏州为中心,沿南京、无锡、上海、扬州等城市及浙、粤各省,介绍中国著名的文人园林,涉及布局、建筑结构等。
●
相关链接 在E读中查询图书 在五车中查询图书 在当当中查询图书 在豆瓣中查询图书


正题名:文人园林建筑     索取号:TU-098.4/104         预约/预借

序号 登录号 条形码 馆藏地/架位号 状态 备注
1 0832748   208327489   第二样本阅览室/ [索取号:TU-098.4/104] 在馆    
2 0832749   208327498   第三借阅区/ [索取号:TU-098.4/104] 在馆    
3 0832750   208327504   第三借阅区/ [索取号:TU-098.4/104] 在馆    
4 0832751   208327513   密集书库-资源管理系/ [索取号:TU-098.4/104] 在馆    
唐山师范学院图书馆 欢迎您!
大连网信软件有限公司© 版权所有